000 01780cam a22003734i 4500
001 12105966
003 EG-ScBUE
005 20250720092642.0
008 000714t2001 waua f b 101 0 eng d
020 _a0841236917 (alk. paper)
020 _a978084136912
040 _aEG-ScBUE
_beng
_erda
_cEG-ScBUE
_dEG-ScBUE
082 0 4 _a541.33
_222
_bINT
245 0 0 _aInterfacial properties on the submicrometer scale /
_cJane Frommer, editor, IBM Research Division, René M. Overney, editor, University of Washington.
264 1 _aWashington, D.C. :
_bAmerican Chemical Society,
_c[2001]
264 4 _cc2001
300 _axii, 343 pages :
_billustrations ;
_c24 cm.
336 _2rdacontent
_atext
_btxt
337 _aunmediated
_2rdamedia
_bn
338 _avolume
_bnc
_2rdacarrier
490 0 _aACS symposium series ;
_v781
500 _a"Developed from a symposium sponsored by the Division of Colloid and Surface Chemistry at the 218th National Meeting of the American Chemical Society, New Orleans, Louisiana, August 22-26, 1999"--T.p. verso.
504 _aIncludes bibliographical references and index.
650 7 _aSurface chemistry
_vCongresses.
_96069
_2BUEsh
650 7 _aInterfaces (Physical sciences)
_vCongresses.
_96070
_2BUEsh
655 _vReading book
700 1 _aFrommer, Jane,
_96071
_eeditor.
700 1 _aOverney, René M.,
_d1959-
_96072
_eeditor.
710 2 _aAmerican Chemical Society.
_bDivision of Colloid and Surface Chemistry.
_96073
710 2 _aAmerican Chemical Society.
_bMeeting
_n(218th :
_d1999 :
_cNew Orleans, La.)
_96074
856 4 2 _3Publisher description
_uhttp://www.loc.gov/catdir/enhancements/fy0610/00059396-d.html
856 4 1 _3Table of contents only
_uhttp://www.loc.gov/catdir/enhancements/fy0610/00059396-t.html
942 _2ddc
_cBB
999 _c11805
_d11805